[Event "Titled Tuesday intern op 16th Jul Late"]
[White "Gurevich, Dmitry"]
[Black "Roenko, Artur"]
[Site "Chess.com INT"]
[Round "7"]
[Result "1-0"]
[Date "2024.07.16"]
[WhiteElo "2347"]
[BlackElo "2174"]
[PlyCount "99"]
[EventDate "2024.07.16"]
[EventType "swiss (blitz)"]
[EventRounds "11"]
[EventCountry "USA"]
[SourceTitle "EXT 2025"]
[Source "ChessBase"]
[SourceDate "2024.10.14"]
[SourceVersion "1"]
[SourceVersionDate "2024.10.14"]
[SourceQuality "1"]

1. d4 d5 2. c4 e6 3. Nc3 c6 4. e4 dxe4 5. Nxe4 Bb4+ 6. Nc3 c5 7. a3 Bxc3+ 8. bxc3 Nc6 9. Nf3 Nf6 10. Be2 0-0 11. 0-0 b6 12. Be3 Qe7 13. Ne5 Nxe5 14. dxe5 Nd7 15. f4 Bb7 16. Bf3 Bxf3 17. Qxf3 Rfd8 18. Rad1 Nf8 19. g3 Qc7 20. h4 Ng6 21. h5 Ne7 22. g4 Qc6 23. Kg2 Qxf3+ 24. Kxf3 Nc6 25. Ke4 Na5 26. f5 Nxc4 27. Bc1 Re8 28. f6 gxf6 29. exf6 Red8 30. a4 Nd6+ 31. Kf4 Kf8 32. Kg5 Ne4+ 33. Kh6 Rxd1 34. Rxd1 Nxf6 35. g5 Ng4+ 36. Kxh7 Ke7 37. Rf1 e5 38. c4 Ke6 39. Kg7 Rd8 40. h6 Rd7 41. h7 f5+ 42. Kg6 Rd8 43. Rxf5 e4 44. Rf4 Ne5+ 45. Kh6 e3 46. Bxe3 Rd3 47. Re4 Rd8 48. Bf4 Kf5 49. Bxe5 Kxe4 50. h8Q 1-0

[Event "Titled Tuesday intern op 16th Jul Late"]
[White "Roenko, Artur"]
[Black "Krishnan, Varun"]
[Site "Chess.com INT"]
[Round "4"]
[Result "1-0"]
[Date "2024.07.16"]
[WhiteElo "2174"]
[BlackElo "2383"]
[PlyCount "87"]
[EventDate "2024.07.16"]
[EventType "swiss (blitz)"]
[EventRounds "11"]
[EventCountry "USA"]
[SourceTitle "EXT 2025"]
[Source "ChessBase"]
[SourceDate "2024.10.14"]
[SourceVersion "1"]
[SourceVersionDate "2024.10.14"]
[SourceQuality "1"]

1. e4 a6 2. d4 e6 3. Bd3 d5 4. e5 c5 5. c3 Nc6 6. Ne2 Nh6 7. Nd2 Nf5 8. Nf3 Qb6 9. 0-0 Be7 10. dxc5 Bxc5 11. b4 Be7 12. Bxf5 exf5 13. Qxd5 Be6 14. Qd3 Rd8 15. Ned4 Nxd4 16. Nxd4 Bxb4 17. Rb1 Rxd4 18. Qxd4 Qxd4 19. cxd4 Bc3 20. Rxb7 0-0 21. Bb2 Bxb2 22. Rxb2 Rd8 23. Rd1 g6 24. f3 f4 25. d5 Rxd5 26. Rxd5 Bxd5 27. a4 g5 28. Rb6 Bc4 29. Kf2 Kg7 30. g3 fxg3+ 31. Kxg3 h5 32. h4 gxh4+ 33. Kxh4 Be2 34. f4 Kf8 35. Kg5 Ke7 36. f5 Kd7 37. Kf6 h4 38. Kxf7 Bc4+ 39. e6+ Kc7 40. Rb4 Bd5 41. Rxh4 Kd6 42. Rd4 Ke5 43. Rxd5+ Kxd5 44. e7 1-0

[Event "Titled Tuesday intern op 16th Jul Late"]
[White "Thomforde Toates, Noah"]
[Black "Roenko, Artur"]
[Site "Chess.com INT"]
[Round "5"]
[Result "0-1"]
[Date "2024.07.16"]
[WhiteElo "2124"]
[BlackElo "2174"]
[PlyCount "109"]
[EventDate "2024.07.16"]
[EventType "swiss (blitz)"]
[EventRounds "11"]
[EventCountry "USA"]
[SourceTitle "EXT 2025"]
[Source "ChessBase"]
[SourceDate "2024.10.14"]
[SourceVersion "1"]
[SourceVersionDate "2024.10.14"]
[SourceQuality "1"]

1. d4 d5 2. Nc3 Nf6 3. Bf4 a6 4. e3 e6 5. Nf3 c5 6. dxc5 Bxc5 7. Bd3 0-0 8. 0-0 h6 9. e4 dxe4 10. Nxe4 Nxe4 11. Bxe4 Qb6 12. Qc1 f5 13. Bd3 Nc6 14. Bxh6 gxh6 15. Qxh6 Qxb2 16. c3 Qxc3 17. Rac1 Qxd3 18. Qg6+ Kh8 19. Rxc5 Qd7 20. Rc4 Qg7 21. Rh4+ Kg8 22. Qh5 Rf6 23. Rd1 e5 24. Qe8+ Rf8 25. Qh5 Be6 26. Rd6 Rf6 27. Ng5 Nd4 28. Nxe6 Rxe6 29. Rxe6 Nxe6 30. Qxf5 Qf7 31. Rg4+ Kf8 32. Qxe5 Rd8 33. Qh8+ Ke7 34. Qh4+ Qf6 35. Qxf6+ Kxf6 36. h3 Rd1+ 37. Kh2 Rd2 38. Rb4 b5 39. a4 Rd4 40. Rxd4 Nxd4 41. axb5 axb5 42. Kg3 b4 43. Kf4 b3 44. Ke3 b2 45. Kxd4 b1Q 46. Ke3 Qb2 47. Kf3 Qc2 48. Kg3 Qd2 49. Kf3 Qd3+ 50. Kg4 Qe2+ 51. Kg3 Kf5 52. f3 Qe1+ 53. Kh2 Kf4 54. h4 Qxh4+ 55. Kg1 0-1

[Event "Titled Tuesday intern op 06th Jun Late"]
[White "Roenko, Artur"]
[Black "Principe, Gerson"]
[Site "Chess.com INT"]
[Round "3"]
[Result "0-1"]
[Date "2023.06.06"]
[WhiteElo "2162"]
[BlackElo "2213"]
[PlyCount "100"]
[EventDate "2023.06.06"]
[EventType "swiss (blitz)"]
[EventRounds "11"]
[EventCountry "USA"]
[SourceTitle "EXT 2024"]
[Source "ChessBase"]
[SourceDate "2023.10.10"]
[SourceVersion "1"]
[SourceVersionDate "2023.10.10"]
[SourceQuality "1"]

1. e4 c5 2. c3 d5 3. exd5 Qxd5 4. Nf3 e6 5. Na3 Nf6 6. Bc4 Qd8 7. d4 cxd4 8. Nb5 a6 9. Nbxd4 Be7 10. 0-0 0-0 11. Qe2 Qc7 12. Rd1 Nc6 13. Bg5 h6 14. Bh4 Nxd4 15. Nxd4 Re8 16. Bb3 Bd7 17. Bg3 Qb6 18. Be5 Rad8 19. h3 Bc6 20. Rd2 Bd5 21. Bc2 Rc8 22. Qd3 Be4 23. Qe2 Bxc2 24. Rxc2 Nd7 25. Bg3 Bf6 26. Rd2 Nc5 27. Rad1 Na4 28. Be5 Bxe5 29. Qxe5 Rc5 30. Qe3 Rd5 31. b3 Nc5 32. c4 Rdd8 33. Nf3 Rxd2 34. Rxd2 Qc7 35. Qd4 Rc8 36. Ne5 f6 37. Ng6 Qf7 38. Nh4 g5 39. Nf3 Kg7 40. Nh2 Rc7 41. Qe3 b6 42. Ng4 a5 43. Rd6 Rd7 44. Rxb6 Rd1+ 45. Kh2 Qc7+ 46. g3 Qxb6 47. Qc3 e5 48. Ne3 Rd7 49. Qc2 Nd3 50. Nd5 Qxf2+ 0-1

[Event "Titled Tuesday intern op 06th Jun Late"]
[White "Roenko, Artur"]
[Black "Skatchkov, Pavel"]
[Site "Chess.com INT"]
[Round "6"]
[Result "0-1"]
[Date "2023.06.06"]
[WhiteElo "2162"]
[BlackElo "2457"]
[PlyCount "38"]
[EventDate "2023.06.06"]
[EventType "swiss (blitz)"]
[EventRounds "11"]
[EventCountry "USA"]
[SourceTitle "EXT 2024"]
[Source "ChessBase"]
[SourceDate "2023.10.10"]
[SourceVersion "1"]
[SourceVersionDate "2023.10.10"]
[SourceQuality "1"]

1. e4 e5 2. Nf3 d5 3. exd5 e4 4. Ne5 Qxd5 5. d4 exd3 6. Nxd3 Nf6 7. Nc3 Qf5 8. Bf4 Na6 9. Qd2 Be6 10. 0-0-0 0-0-0 11. f3 Nb4 12. a3 Qa5 13. Kb1 Nxd3 14. Bxd3 Bxa3 15. bxa3 Qxa3 16. Rhe1 Rd4 17. Nd5 Nxd5 18. Re4 Nc3+ 19. Qxc3 Qxc3 0-1

[Event "Vinnytsia Winter IM"]
[White "Roenko, Artur"]
[Black "Bykovskiy, Oleg"]
[Site "Vinnytsia"]
[Round "9"]
[Result "1/2-1/2"]
[Date "2022.01.07"]
[WhiteElo "2167"]
[BlackElo "2199"]
[PlyCount "42"]
[EventDate "2022.01.02"]
[EventType "tourn"]
[EventRounds "9"]
[EventCountry "UKR"]
[SourceTitle "EXT 2023"]
[Source "ChessBase"]
[SourceDate "2022.10.05"]
[SourceVersion "1"]
[SourceVersionDate "2022.10.05"]
[SourceQuality "1"]

1. e4 e5 2. Nf3 Nf6 3. Nxe5 d6 4. Nf3 Nxe4 5. Qe2 Qe7 6. d3 Nf6 7. Bg5 Nbd7 8. Nc3 c6 9. 0-0-0 Qxe2 10. Bxe2 Be7 11. Rhe1 0-0 12. Bf1 Bd8 13. d4 d5 14. Bd3 h6 15. Bh4 Nh7 16. Bxd8 Rxd8 17. Re2 Ndf6 18. Rde1 Bd7 19. Kd2 Re8 20. Rxe8+ Rxe8 21. Rxe8+ Bxe8 1/2-1/2

[Event "Vinnytsia Winter IM"]
[White "Itkis, Boris"]
[Black "Roenko, Artur"]
[Site "Vinnytsia"]
[Round "7"]
[Result "1/2-1/2"]
[Date "2022.01.06"]
[WhiteElo "2343"]
[BlackElo "2167"]
[PlyCount "65"]
[EventDate "2022.01.02"]
[EventType "tourn"]
[EventRounds "9"]
[EventCountry "UKR"]
[SourceTitle "EXT 2023"]
[Source "ChessBase"]
[SourceDate "2022.10.05"]
[SourceVersion "1"]
[SourceVersionDate "2022.10.05"]
[SourceQuality "1"]

1. d4 d5 2. c4 e6 3. Nf3 Nf6 4. g3 dxc4 5. Bg2 a6 6. 0-0 b5 7. Ne5 Ra7 8. a4 Bb7 9. axb5 Bxg2 10. Kxg2 Qd5+ 11. f3 Qxb5 12. Qa4 Qxa4 13. Rxa4 Be7 14. Nd2 c3 15. bxc3 Nd5 16. Nb1 Nb6 17. Ra2 f6 18. Nd3 Nc4 19. Nb2 Nb6 20. e4 c5 21. Be3 N8d7 22. Nd2 Kf7 23. Rfa1 cxd4 24. cxd4 Rc8 25. Kf2 Rc2 26. Ke2 a5 27. Kd3 Rac7 28. Na4 Rxa2 29. Rxa2 Bb4 30. Nc5 Nxc5+ 31. dxc5 Nd7 32. Nb3 Nxc5+ 33. Nxc5 1/2-1/2

[Event "Vinnytsia Winter IM"]
[White "Roenko, Artur"]
[Black "Bilych, Olexiy"]
[Site "Vinnytsia"]
[Round "6"]
[Result "0-1"]
[Date "2022.01.05"]
[WhiteElo "2167"]
[BlackElo "2348"]
[PlyCount "74"]
[EventDate "2022.01.02"]
[EventType "tourn"]
[EventRounds "9"]
[EventCountry "UKR"]
[SourceTitle "EXT 2023"]
[Source "ChessBase"]
[SourceDate "2022.10.05"]
[SourceVersion "1"]
[SourceVersionDate "2022.10.05"]
[SourceQuality "1"]

1. d4 Nf6 2. c4 e6 3. Nc3 Bb4 4. e3 0-0 5. Nge2 d5 6. a3 Be7 7. Nf4 c6 8. Bd3 dxc4 9. Bxc4 Nbd7 10. Qb3 e5 11. dxe5 Nxe5 12. 0-0 Nxc4 13. Qxc4 Bd6 14. b4 Qc7 15. Bb2 b5 16. Qd4 Be5 17. Qc5 Re8 18. Nd1 Bxf4 19. exf4 Qxf4 20. Qxc6 Bd7 21. Qc1 Qh4 22. Qc3 Rac8 23. Qg3 Qh6 24. Bxf6 Qxf6 25. Ne3 Be6 26. h3 h5 27. a4 a5 28. axb5 axb4 29. Qd6 b3 30. Qb4 Rb8 31. b6 Qd8 32. b7 Qe7 33. Qxe7 Rxe7 34. Ra8 Rexb7 35. Rxb8+ Rxb8 36. Rb1 b2 37. Nd1 Rc8 0-1

[Event "Vinnytsia Winter IM"]
[White "Ceres, Dragos"]
[Black "Roenko, Artur"]
[Site "Vinnytsia"]
[Round "1"]
[Result "1-0"]
[Date "2022.01.02"]
[WhiteElo "2354"]
[BlackElo "2167"]
[PlyCount "89"]
[EventDate "2022.01.02"]
[EventType "tourn"]
[EventRounds "9"]
[EventCountry "UKR"]
[SourceTitle "EXT 2023"]
[Source "ChessBase"]
[SourceDate "2022.10.05"]
[SourceVersion "1"]
[SourceVersionDate "2022.10.05"]
[SourceQuality "1"]

1. e4 e6 2. d4 d5 3. Nd2 Nc6 4. Ngf3 Nf6 5. e5 Nd7 6. Bb5 a6 7. Bd3 Nb4 8. Be2 c5 9. c3 Nc6 10. 0-0 cxd4 11. cxd4 f6 12. exf6 Qxf6 13. Nb3 Bd6 14. Bg5 Qf7 15. Bh4 h6 16. Bd3 0-0 17. Qc2 e5 18. Bh7+ Kh8 19. Bg3 Qf6 20. dxe5 Ndxe5 21. Nh4 Ne7 22. Rae1 Bf5 23. Bxf5 Nxf5 24. Nxf5 Qxf5 25. Qxf5 Rxf5 26. Nd4 Rh5 27. Rc1 Nc4 28. b3 Bxg3 29. hxg3 Nd2 30. Rfe1 Ne4 31. g4 Rg5 32. f3 Nd6 33. Re6 Rd8 34. a4 Rd7 35. Kf2 Kh7 36. Rc5 Nf7 37. Re8 Nd6 38. Re2 Rf7 39. Ke1 Rf6 40. Rc7 h5 41. Ne6 Rgg6 42. gxh5 Rg3 43. Rd7 Ne4 44. Nc7 Nc3 45. Nxd5 1-0

[Event "Titled Tuesday intern op 23rd Nov"]
[White "Roenko, Artur"]
[Black "Cramling Bellon, Anna"]
[Site "Chess.com INT"]
[Round "9"]
[Result "1-0"]
[Date "2021.11.23"]
[WhiteElo "2208"]
[BlackElo "2035"]
[PlyCount "35"]
[EventDate "2021.11.23"]
[EventType "swiss (blitz)"]
[EventRounds "11"]
[EventCountry "USA"]
[SourceTitle "CBM 205 Extra"]
[Source "ChessBase"]
[SourceDate "2022.01.31"]
[SourceVersion "1"]
[SourceVersionDate "2022.01.31"]
[SourceQuality "1"]

1. e4 c5 2. c3 Nf6 3. e5 Nd5 4. d4 cxd4 5. Nf3 e6 6. cxd4 d6 7. Nc3 Nxc3 8. bxc3 Qc7 9. Bd3 Be7 10. 0-0 0-0 11. Bd2 Nd7 12. exd6 Bxd6 13. Qe2 e5 14. Rab1 exd4 15. cxd4 Nf6 16. Bg5 Nd5 17. Qe4 Bf5 18. Qxf5 1-0

[Event "Titled Tuesday intern op 23rd Nov"]
[White "Roenko, Artur"]
[Black "Popilski, Gil"]
[Site "Chess.com INT"]
[Round "3"]
[Result "0-1"]
[Date "2021.11.23"]
[WhiteElo "2208"]
[BlackElo "2464"]
[PlyCount "78"]
[EventDate "2021.11.23"]
[EventType "swiss (blitz)"]
[EventRounds "11"]
[EventCountry "USA"]
[SourceTitle "CBM 205 Extra"]
[Source "ChessBase"]
[SourceDate "2022.01.31"]
[SourceVersion "1"]
[SourceVersionDate "2022.01.31"]
[SourceQuality "1"]

1. e4 c5 2. c3 Nf6 3. e5 Nd5 4. d4 cxd4 5. Nf3 d6 6. cxd4 Nc6 7. Bc4 Nb6 8. Bb5 Bd7 9. 0-0 dxe5 10. Bxc6 Bxc6 11. Nxe5 Bd5 12. Nc3 g6 13. Qg4 Bg7 14. Re1 0-0 15. Qh4 e6 16. Qh3 h5 17. Qg3 Rc8 18. Bg5 Qe8 19. Bf4 Qe7 20. a4 a5 21. Nd3 Rfd8 22. Bg5 Bf6 23. h4 Bc4 24. Nc5 Rxd4 25. N5e4 Bxg5 26. hxg5 Nd7 27. Rad1 Rxd1 28. Rxd1 Bd5 29. Qf4 Rc4 30. Qe3 Kg7 31. Ng3 Bc6 32. Qd3 Rg4 33. Nge4 h4 34. Qd4+ e5 35. Qd3 Nc5 36. Nxc5 Rxg2+ 37. Kf1 Qxc5 38. Ne4 Bxe4 39. Qxe4 Qxf2# 0-1

[Event "Titled Tuesday intern op 23rd Nov"]
[White "Todev, Simeon"]
[Black "Roenko, Artur"]
[Site "Chess.com INT"]
[Round "8"]
[Result "1/2-1/2"]
[Date "2021.11.23"]
[WhiteElo "2032"]
[BlackElo "2208"]
[PlyCount "177"]
[EventDate "2021.11.23"]
[EventType "swiss (blitz)"]
[EventRounds "11"]
[EventCountry "USA"]
[SourceTitle "CBM 205 Extra"]
[Source "ChessBase"]
[SourceDate "2022.01.31"]
[SourceVersion "1"]
[SourceVersionDate "2022.01.31"]
[SourceQuality "1"]

1. e4 e6 2. Nf3 d5 3. e5 Bd7 4. d4 a6 5. c3 c5 6. Bd3 Qb6 7. 0-0 cxd4 8. cxd4 Nc6 9. Bc2 Nb4 10. Bb3 Rc8 11. Nc3 Ne7 12. a3 Nd3 13. Bc2 Nxb2 14. Qd2 Nc4 15. Qe1 Qa5 16. Bd3 b5 17. Bg5 Nb2 18. Nxb5 Qxe1 19. Nd6+ Kd8 20. Rfxe1 Nxd3 21. Reb1 Rg8 22. Rb3 Bb5 23. Nxb5 axb5 24. Rxd3 h6 25. Bd2 Nc6 26. Rb1 Na7 27. Ba5+ Kd7 28. Bb6 Nc6 29. Rxb5 Ra8 30. Bc5 Bxc5 31. Rxc5 Rgb8 32. h3 Na5 33. Nd2 Rb7 34. Rdc3 Ra6 35. Rf3 Ke8 36. Rfc3 Kd7 37. Rc8 Nc6 38. Rg8 Nxd4 39. Kh2 g6 40. Rg7 Ke7 41. Rh7 h5 42. Nf3 Nxf3+ 43. Rxf3 Kf8 44. Rh8+ Kg7 45. Rc8 Rba7 46. Rcc3 Ra4 47. Rcd3 Re4 48. Rfe3 Rxe3 49. Rxe3 Ra4 50. g3 g5 51. Kg2 Kg6 52. Rf3 g4 53. Rf6+ Kg7 54. hxg4 hxg4 55. Rf4 Rxa3 56. Rxg4+ Kf8 57. Rb4 Ke7 58. Rb7+ Kf8 59. f4 Kg7 60. Kh3 Kg6 61. Kg4 Ra1 62. Rb8 Rf1 63. Rg8+ Kh7 64. Rd8 Kg7 65. Rd7 Re1 66. Ra7 Re4 67. Ra2 Rc4 68. Rh2 d4 69. Rh5 Rc3 70. Rg5+ Kf8 71. Rh5 Ke7 72. Rh1 Re3 73. Rd1 d3 74. Rd2 Kd7 75. Kh4 Kc6 76. g4 Kd5 77. Kg5 Ke4 78. Kf6 Re2 79. Rd1 d2 80. Kxf7 Kxf4 81. Kxe6 Kxg4 82. Kd5 Kf4 83. e6 Ke3 84. e7 Kd3 85. Kd6 Kc2 86. Rxd2+ Kxd2 87. Kd7 Kd3 88. e8Q Rxe8 89. Kxe8 1/2-1/2

[Event "Vinnytsia Olkhovsky Memorial 8th"]
[White "Bilych, Olexiy"]
[Black "Roenko, Artur"]
[Site "Vinnytsia"]
[Round "3"]
[Result "0-1"]
[Date "2021.07.10"]
[WhiteElo "2288"]
[BlackElo "2208"]
[PlyCount "114"]
[EventDate "2021.07.10"]
[EventType "swiss (rapid)"]
[EventRounds "9"]
[EventCountry "UKR"]
[SourceTitle "CBM 203 Extra"]
[Source "ChessBase"]
[SourceDate "2021.09.30"]
[SourceVersion "1"]
[SourceVersionDate "2021.09.30"]
[SourceQuality "1"]

1. d4 d5 2. c4 e6 3. Nf3 c6 4. Qd3 Nf6 5. Nc3 Nbd7 6. g3 dxc4 7. Qxc4 c5 8. Bg2 Nb6 9. Qd3 c4 10. Qd1 Bb4 11. 0-0 0-0 12. Qc2 Bd7 13. Ne5 Bxc3 14. Nxd7 Qxd7 15. bxc3 Rac8 16. a4 Rfe8 17. a5 Nbd5 18. e4 Nc7 19. f4 Nb5 20. Kh1 a6 21. Bf3 h5 22. Kg2 g6 23. h3 Kg7 24. Bd2 Red8 25. Rh1 Rh8 26. Qd1 Rcd8 27. Qe2 Qc7 28. Qf2 Qc6 29. g4 hxg4 30. hxg4 Nxe4 31. Qe3 f5 32. g5 Nbd6 33. Rhb1 Rh7 34. Kg1 Rdh8 35. Bc1 Rh3 36. Ra2 Rg3+ 37. Rg2 Rgh3 38. Rgb2 Rg3+ 39. Rg2 Rhh3 40. Bxe4 Nxe4 41. d5 Qxd5 42. Qd4+ Qxd4+ 43. cxd4 Rxg2+ 44. Kxg2 Rb3 45. Ra1 Kf7 46. Ba3 Ke8 47. Kf1 Kd7 48. Ke2 Kc6 49. Bf8 Kd5 50. Kd1 Rf3 51. Rc1 Rf1+ 52. Kc2 Rxc1+ 53. Kxc1 Kxd4 54. Bg7+ Kd3 55. Be5 Nc5 56. Kb2 c3+ 57. Ka2 c2 0-1

[Event "Vinnytsia Olkhovsky Memorial 8th"]
[White "Roenko, Artur"]
[Black "Ponyatyscyn, Yaroslav"]
[Site "Vinnytsia"]
[Round "6"]
[Result "1-0"]
[Date "2021.07.10"]
[WhiteElo "2208"]
[BlackElo "2146"]
[PlyCount "79"]
[EventDate "2021.07.10"]
[EventType "swiss (rapid)"]
[EventRounds "9"]
[EventCountry "UKR"]
[SourceTitle "CBM 203 Extra"]
[Source "ChessBase"]
[SourceDate "2021.09.30"]
[SourceVersion "1"]
[SourceVersionDate "2021.09.30"]
[SourceQuality "1"]

1. e4 e6 2. d4 d5 3. Nd2 Nf6 4. e5 Nfd7 5. Bd3 c5 6. c3 Nc6 7. Ne2 Qb6 8. Nf3 cxd4 9. cxd4 Bb4+ 10. Kf1 Be7 11. h4 f6 12. Nf4 fxe5 13. Nxe5 Nf6 14. Nh5 0-0 15. Nxf6+ Rxf6 16. Qh5 Nxe5 17. Bxh7+ Kf8 18. Qxe5 Bd7 19. Rh3 Rc8 20. Rb3 Qa6+ 21. Bd3 b5 22. Bg5 Bd6 23. Qe3 Be7 24. Bxf6 Bxf6 25. a4 Qd6 26. g3 bxa4 27. Rc3 Rb8 28. Rc2 e5 29. dxe5 Bxe5 30. Qf3+ Kg8 31. Qh5 Bf6 32. Qh7+ Kf8 33. Qh8+ Kf7 34. Qh5+ Kf8 35. Bg6 Be6 36. Re1 Bg8 37. Rce2 Qa6 38. Kg1 Qc6 39. Re8+ Rxe8 40. Rxe8+ 1-0

[Event "Titled Tuesday intern op 17th Nov"]
[White "Awoki, Daniel Teidi"]
[Black "Roenko, Artur"]
[Site "Chess.com INT"]
[Round "5"]
[Result "0-1"]
[Date "2020.11.17"]
[WhiteElo "2152"]
[BlackElo "2208"]
[PlyCount "56"]
[EventDate "2020.11.17"]
[EventType "swiss (blitz)"]
[EventRounds "11"]
[EventCountry "USA"]
[SourceTitle "CBM 199 Extra"]
[Source "ChessBase"]
[SourceDate "2021.01.31"]
[SourceVersion "1"]
[SourceVersionDate "2021.01.31"]
[SourceQuality "1"]

1. e4 e6 2. d4 d5 3. Nd2 Nc6 4. Ngf3 Nf6 5. e5 Nd7 6. Be2 f6 7. exf6 Qxf6 8. Nf1 Bd6 9. Ne3 0-0 10. 0-0 e5 11. Nxd5 Qg6 12. dxe5 Ndxe5 13. Nxe5 Bxe5 14. Bd3 Qf7 15. Be3 Be6 16. Nc3 Rad8 17. Qe2 Nb4 18. Bc5 Nxd3 19. Bxf8 Bxc3 20. bxc3 Nf4 21. Qe5 Rxf8 22. Rad1 Bc4 23. Rfe1 Bd5 24. f3 Nxg2 25. Qxd5 Qxd5 26. Rxd5 Nxe1 27. Rd7 Rc8 28. Kf2 Nxc2 0-1

[Event "Titled Tuesday intern op 17th Nov"]
[White "Holt, Conrad"]
[Black "Roenko, Artur"]
[Site "Chess.com INT"]
[Round "2"]
[Result "1-0"]
[Date "2020.11.17"]
[WhiteElo "2549"]
[BlackElo "2208"]
[PlyCount "75"]
[EventDate "2020.11.17"]
[EventType "swiss (blitz)"]
[EventRounds "11"]
[EventCountry "USA"]
[SourceTitle "CBM 199 Extra"]
[Source "ChessBase"]
[SourceDate "2021.01.31"]
[SourceVersion "1"]
[SourceVersionDate "2021.01.31"]
[SourceQuality "1"]

1. d4 d5 2. c4 e6 3. Nc3 c6 4. e3 Nf6 5. Bd3 Nbd7 6. e4 dxc4 7. Bxc4 e5 8. Qb3 Qe7 9. Nf3 exd4 10. Nxd4 Ne5 11. 0-0 Nxc4 12. Qxc4 Qc5 13. Qd3 Be7 14. Be3 Qh5 15. f3 0-0 16. g4 Qh3 17. Nce2 Bd6 18. Nf4 Bxf4 19. Bxf4 Bxg4 20. Qc3 Be6 21. Rf2 Rac8 22. Rg2 Nh5 23. Be5 f6 24. Bg3 c5 25. Nb5 b6 26. Nxa7 Rcd8 27. Nb5 Nxg3 28. Rxg3 Qh6 29. Nc7 Bc8 30. Nd5 Kh8 31. Nxb6 Bb7 32. Nc4 Ba6 33. Ne3 Rd3 34. Nf5 Rxc3 35. Nxh6 Rc2 36. Nf5 g6 37. Nd6 Rd8 38. Nf7+ 1-0

[Event "Titled Tuesday intern op 17th Nov"]
[White "Roenko, Artur"]
[Black "Amar, Elham"]
[Site "Chess.com INT"]
[Round "1"]
[Result "0-1"]
[Date "2020.11.17"]
[WhiteElo "2208"]
[BlackElo "2338"]
[PlyCount "94"]
[EventDate "2020.11.17"]
[EventType "swiss (blitz)"]
[EventRounds "11"]
[EventCountry "USA"]
[SourceTitle "CBM 199 Extra"]
[Source "ChessBase"]
[SourceDate "2021.01.31"]
[SourceVersion "1"]
[SourceVersionDate "2021.01.31"]
[SourceQuality "1"]

1. e4 c6 2. d4 d5 3. exd5 cxd5 4. Bd3 Nf6 5. Bf4 g6 6. c3 Bg7 7. Nd2 0-0 8. h3 Nc6 9. Ngf3 a6 10. 0-0 Bf5 11. Bxf5 gxf5 12. Ne5 e6 13. Nxc6 bxc6 14. Qa4 Qc8 15. Nb3 Kh8 16. Nc5 Nd7 17. Nd3 Rg8 18. Kh1 c5 19. Rac1 c4 20. Ne1 Qb7 21. Nf3 Qb5 22. Qc2 Bf6 23. Qe2 Rg6 24. Ne5 Nxe5 25. Bxe5 Bxe5 26. Qxe5+ Rg7 27. Rc2 Qb8 28. Qe3 Qc7 29. b3 Rag8 30. f4 Rg3 31. Rf3 Rxf3 32. Qxf3 Rb8 33. b4 a5 34. a3 axb4 35. axb4 Ra8 36. Qg3 Qe7 37. Rb2 Rg8 38. Qe3 Qd6 39. b5 Rb8 40. g3 Kg7 41. Kg2 Kf8 42. Qc1 Qa3 43. Qc2 Qa5 44. Qb1 Qxc3 45. b6 Qxd4 46. Qa2 Rxb6 47. Qa8+ Kg7 0-1

[Event "Titled Tuesday intern op 5th May"]
[White "Roenko, Artur"]
[Black "Grot, Blazej"]
[Site "Chess.com INT"]
[Round "10"]
[Result "1-0"]
[Date "2020.05.05"]
[WhiteElo "2208"]
[BlackElo "1768"]
[PlyCount "91"]
[EventDate "2020.05.05"]
[EventType "swiss (blitz)"]
[EventRounds "10"]
[EventCountry "USA"]
[SourceTitle "EXT 2021"]
[Source "ChessBase"]
[SourceDate "2020.10.23"]
[SourceVersion "1"]
[SourceVersionDate "2020.10.23"]
[SourceQuality "1"]

1. e4 c5 2. d4 cxd4 3. c3 Nf6 4. e5 Nd5 5. cxd4 e6 6. Nc3 Nxc3 7. bxc3 b6 8. Nf3 Bb7 9. Bd3 d6 10. 0-0 Nd7 11. Ng5 Be7 12. Nxh7 g6 13. Nf6+ Nxf6 14. exf6 Bxf6 15. Bb5+ Kf8 16. Qg4 Kg7 17. Bd2 Rc8 18. h3 Rh4 19. Qg3 e5 20. dxe5 Bxe5 21. f4 Bf6 22. f5 Be5 23. Qf2 Rc5 24. fxg6 fxg6 25. Qf7+ Kh8 26. Bd3 Bg7 27. Qxb7 Rc7 28. Qf3 Qe7 29. Rae1 Qd7 30. Qe3 Rc8 31. Bxg6 Rg8 32. Bf5 Qc6 33. Qf3 Be5 34. Qxc6 Rg3 35. Qe8+ Kg7 36. Rxe5 dxe5 37. Qxe5+ Kf8 38. Qxg3 Rxh3 39. Qxh3 Ke7 40. Qh6 Kd8 41. Qe6 Kc7 42. Bf4+ Kb7 43. Be4+ Ka6 44. Qc4+ Ka5 45. Qb4+ Ka6 46. Qa4# 1-0

[Event "Titled Tuesday intern op 21st April"]
[White "Roenko, Artur"]
[Black "Perez, Maximiliano"]
[Site "Chess.com INT"]
[Round "8"]
[Result "1/2-1/2"]
[Date "2020.04.21"]
[WhiteElo "2208"]
[BlackElo "2417"]
[PlyCount "159"]
[EventDate "2020.04.21"]
[EventType "swiss (blitz)"]
[EventRounds "10"]
[EventCountry "USA"]
[SourceTitle "EXT 2021"]
[Source "ChessBase"]
[SourceDate "2020.10.23"]
[SourceVersion "1"]
[SourceVersionDate "2020.10.23"]
[SourceQuality "1"]

1. e4 c5 2. d4 cxd4 3. c3 d3 4. Nf3 Nc6 5. Bxd3 g6 6. 0-0 Bg7 7. Qe2 d6 8. Rd1 Qc7 9. h3 Nf6 10. e5 dxe5 11. Bb5 0-0 12. Bxc6 Qxc6 13. Nxe5 Qe6 14. Re1 b6 15. Nd2 Bb7 16. Ndf3 Rad8 17. Bg5 h6 18. Bxf6 Bxf6 19. Ng4 Qxe2 20. Nxf6+ exf6 21. Rxe2 Bxf3 22. gxf3 Rd7 23. Rae1 Rfd8 24. Re7 f5 25. Re8+ Kg7 26. Rxd8 Rxd8 27. Re7 Rd2 28. Rxa7 Rxb2 29. Kg2 Kf6 30. a4 Rb3 31. Rb7 Rxc3 32. Rxb6+ Kg5 33. a5 Ra3 34. a6 Kh4 35. Rb4+ Kg5 36. Rb6 Ra2 37. Rc6 f4 38. Rb6 f5 39. Rc6 h5 40. Rb6 h4 41. Rc6 Kh5 42. Rf6 g5 43. Rb6 Ra4 44. Rf6 Ra5 45. Rb6 g4 46. fxg4+ fxg4 47. hxg4+ Kxg4 48. Rg6+ Kf5 49. Rh6 Kg5 50. Rb6 Ra3 51. Rb5+ Kg6 52. Rb6+ Kf5 53. Rb5+ Ke6 54. Rb6+ Ke5 55. Rh6 Ke4 56. Re6+ Kf5 57. Rh6 Kg5 58. Rb6 h3+ 59. Kh2 Kg4 60. Rg6+ Kf3 61. Kxh3 Kxf2+ 62. Kh2 f3 63. Re6 Kf1 64. Rf6 f2 65. Re6 Ra2 66. Kh1 Ra5 67. Kh2 Ra4 68. Kg3 Ra3+ 69. Kh2 Ra2 70. Rf6 Ke1 71. Re6+ Re2 72. Rxe2+ Kxe2 73. a7 f1Q 74. a8Q Qf4+ 75. Kh1 Qh4+ 76. Kg2 Qg4+ 77. Kh1 Qh3+ 78. Kg1 Qg3+ 79. Qg2+ Qxg2+ 80. Kxg2 1/2-1/2